| 000 | 00529 a2200181 4500 | ||
|---|---|---|---|
| 999 |
_c41331 _d41331 |
||
| 003 | OSt | ||
| 005 | 20210623115723.0 | ||
| 008 | 210623b ||||| |||| 00| 0 eng d | ||
| 020 | _a9789352706921 | ||
| 040 | _coclc | ||
| 082 |
_a612 _bSEM/E |
||
| 100 |
_98609 _aSembulingam K |
||
| 245 |
_aEssentials of Medical Physiology/ _cSembulingam K, Prema Sembulingam |
||
| 250 | _a8th ed. | ||
| 260 |
_aNew Delhi: _bJaypee Brothers, _c2021. |
||
| 300 | _a1162 pages | ||
| 942 |
_2ddc _cBK _h612 _iSEM/E _k612 _mSEM/E |
||